Statistics for British Monarchy Records

Click here to take the quiz!

General Stats

  • This quiz has been taken 251 times
  • The average score is 14 of 27

Answer Stats

HintAnswer% Correct
Longest reigning female monarch | Shortest female monarchQueen Victoria
99%
Longest lived female monarchQueen Elizabeth II
86%
Youngest male monarch (age at ascension)Henry VI
79%
Most marriagesHenry VIII
78%
Shortest lived male monarchEdward V
77%
Longest lived male monarch | Longest reigning male monarchGeorge III
77%
Oldest female monarch (age at ascension) | Oldest female monarch to marryMary I
73%
Most children borneAnne
72%
Oldest fatherEdward I
68%
Shortest reigning female monarchLady Jane Grey
63%
Most children siredHenry I
59%
Youngest female monarch to marry | Youngest motherMary II
57%
Tallest male monarchEdward IV
55%
Oldest male monarch (age at ascension) | Oldest male monarch to marryWilliam IV
53%
Youngest fatherHenry IV
50%
Tallest female monarch | Youngest female monarch (age at ascension)Mary, Queen of Scots
8%
Shortest male monarchKing John of England
4%
Oldest motherEleanor of Aquitaine
2%
Youngest male monarch to marryDavid II
2%
Shortest lived female monarchMargaret, Maid of Norway
2%
Shortest reigning male monarchEdgar the Aetheling
2%

Score Distribution

Percentile by Number Answered

Percent of People with Each Score

Your Score History

You have not taken this quiz